Heart of darkness (Record no. 124540)
[ view plain ]
| 000 -LEADER | |
|---|---|
| fixed length control field | 01412cam a2200361 a 4500 |
| 001 - CONTROL NUMBER | |
| control field | 10271894 |
| 003 - CONTROL NUMBER IDENTIFIER | |
| control field | ARRUPE |
| 005 - DATE AND TIME OF LATEST TRANSACTION | |
| control field | 20160411112633.0 |
| 006 - FIXED-LENGTH DATA ELEMENTS--ADDITIONAL MATERIAL CHARACTERISTICS--GENERAL INFORMATION | |
| fixed length control field | m d |
| 007 - PHYSICAL DESCRIPTION FIXED FIELD--GENERAL INFORMATION | |
| fixed length control field | cr n |
| 008 - FIXED-LENGTH DATA ELEMENTS--GENERAL INFORMATION | |
| fixed length control field | 120308s2011||||enk|||||s|||||||||||eng d |
| 020 ## - INTERNATIONAL STANDARD BOOK NUMBER | |
| International Standard Book Number | 9780141441672 (print) |
| 035 ## - SYSTEM CONTROL NUMBER | |
| System control number | (WaSeSS)ssj0000749309 |
| 040 ## - CATALOGING SOURCE | |
| Original cataloging agency | WaSeSS |
| Transcribing agency | WaSeSS |
| Modifying agency | WaSeSS |
| 043 ## - GEOGRAPHIC AREA CODE | |
| Geographic area code | f------ |
| 050 #4 - LIBRARY OF CONGRESS CALL NUMBER | |
| Classification number | PR6005.O4 |
| 300 ## - PHYSICAL DESCRIPTION | |
| Dimensions | 20cm. |
| 100 1# - MAIN ENTRY--PERSONAL NAME | |
| Personal name | Conrad, Joseph, |
| Dates associated with a name | 1857-1924. |
| 9 (RLIN) | 23592 |
| 210 10 - ABBREVIATED TITLE | |
| Abbreviated title | Heart of darkness |
| 245 10 - TITLE STATEMENT | |
| Title | Heart of darkness |
| Medium | with the Congo diary |
| Statement of responsibility, etc | Joseph Conrad. |
| 260 ## - PUBLICATION, DISTRIBUTION, ETC. (IMPRINT) | |
| Place of publication, distribution, etc | London : |
| Name of publisher, distributor, etc | Penguin Books, |
| Date of publication, distribution, etc | 1995 |
| 300 ## - PHYSICAL DESCRIPTION | |
| Extent | li, 166p. ; |
| 490 1# - SERIES STATEMENT | |
| Series statement | Penguin Classics |
| 500 ## - GENERAL NOTE | |
| General note | Edited with introduction and Notes by Owen Knowles; The Congo diary, edited with notes by Robert Hampson. |
| 506 ## - RESTRICTIONS ON ACCESS NOTE | |
| Terms governing access | License restrictions may limit access. |
| 534 ## - ORIGINAL VERSION NOTE | |
| Introductory phrase | Originally published: |
| Title statement of original | Heart of darkness [in, Heart of darkness] |
| Publication, distribution, etc | Harmondsworth : Penguin Books, c2007. |
| Physical description, etc | xlviii, 136 p. |
| International Standard Book Number | 9780141441672 |
| 700 1# - ADDED ENTRY--PERSONAL NAME | |
| Personal name | Hampson, Robert. |
| 9 (RLIN) | 23596 |
| 740 0# - ADDED ENTRY--UNCONTROLLED RELATED/ANALYTICAL TITLE | |
| Uncontrolled related/analytical title | Heart of darkness. |
| 773 #0 - HOST ITEM ENTRY | |
| Title | Literature Online (LION) |
| 776 08 - ADDITIONAL PHYSICAL FORM ENTRY | |
| Display text | Print version: |
| Main entry heading | Conrad, Joseph, 1857-1924. |
| Title | Heart of darkness. |
| Place, publisher, and date of publication | Cambridge : ProQuest LLC ; Harmondsworth : Penguin Books, c2011, c2007 |
| International Standard Book Number | 9780141441672 |
| 830 #0 - SERIES ADDED ENTRY--UNIFORM TITLE | |
| Uniform title | Penguin classics. |
| 9 (RLIN) | 23597 |
| 910 ## - USER-OPTION DATA (OCLC) | |
| User-option data | Serials Solutions original record |
| 942 ## - ADDED ENTRY ELEMENTS (KOHA) | |
| Source of classification or shelving scheme | Library of Congress Classification |
| Koha item type | Monograph ( Printed materials) |
| Withdrawn status | Lost status | Source of classification or shelving scheme | Damaged status | Not for loan | Collection code | Home library | Current library | Shelving location | Date acquired | Total Checkouts | Full call number | Barcode | Date last seen | Price effective from | Koha item type |
|---|---|---|---|---|---|---|---|---|---|---|---|---|---|---|---|
| Library of Congress Classification | Main Collection | ARRUPE LIBRARY | ARRUPE LIBRARY | Main Collection | 07/04/2016 | PR6005.O4 H4 1995 | 46500007027 | 07/04/2016 | 07/04/2016 | Monograph ( Printed materials) |